[Event "Mallorca-ch D2"]
[Site "Palma de Mallorca"]
[Date "2000.12.23"]
[Round "8"]
[White "Oliver Gari, Jordi"]
[Black "Rodriguez Garcia, Jose Antonio"]
[Result "1-0"]
[WhiteElo "1937"]
[BlackElo "1661"]
[PlyCount "90"]
[EventDate "2000.??.??"]
[EventType "swiss"]
[EventRounds "8"]
[EventCountry "ESP"]
[SourceTitle "EXT 2003"]
[Source "ChessBase"]
[SourceDate "2002.11.25"]
[SourceVersion "1"]
[SourceVersionDate "2002.11.25"]
[SourceQuality "1"]

1. b3 e5 2. Bb2 Nc6 3. e3 Bb4 4. a3 Ba5 5. b4 Bb6 6. b5 Na5 7. Bxe5 Qg5 8. Nf3 Qg6 9. Bd3 Qh6 10. Nc3 d6 11. Bf4 Qe6 12. h3 h6 13. 0-0 Bd7 14. Re1 g5 15. Bg3 0-0-0 16. Nd4 Bxd4 17. exd4 Qf6 18. d5 Qg7 19. Be2 f5 20. f3 h5 21. Bf2 b6 22. Na2 g4 23. fxg4 hxg4 24. hxg4 Qh6 25. Kf1 Nf6 26. gxf5 Rdg8 27. Bf3 Bxf5 28. d3 Ng4 29. Bg1 Nh2+ 30. Bxh2 Qxh2 31. Qd2 Qg3 32. Ke2 Qe5+ 33. Qe3 Qb2 34. Qc1 Re8+ 35. Kd2 Nb3+ 36. Kd1 Nxc1 37. Rxc1 Qxa2 38. Be4 Bg4+ 39. Kd2 Qxa3 40. Ra1 Qb4+ 41. Ke3 Kb7 42. c4 Qc5+ 43. Kd2 Rhf8 44. Kc3 Qf2 45. Rad1 Bxd1 1-0

[Event "Mallorca-ch D2"]
[Site "Palma de Mallorca"]
[Date "2000.11.04"]
[Round "3"]
[White "Gomez Olivares, Alejandro"]
[Black "Oliver Gari, Jordi"]
[Result "1/2-1/2"]
[WhiteElo "1849"]
[BlackElo "1937"]
[PlyCount "96"]
[EventDate "2000.??.??"]
[EventType "swiss"]
[EventRounds "8"]
[EventCountry "ESP"]
[SourceTitle "EXT 2003"]
[Source "ChessBase"]
[SourceDate "2002.11.25"]
[SourceVersion "1"]
[SourceVersionDate "2002.11.25"]
[SourceQuality "1"]

1. e4 b6 2. d4 Bb7 3. Bd3 e6 4. Ne2 d6 5. 0-0 a6 6. c4 Nd7 7. Nbc3 g5 8. Ng3 h6 9. Be3 Ngf6 10. f3 Bg7 11. a3 0-0 12. b4 c5 13. Rb1 Qc8 14. d5 Ne5 15. dxe6 fxe6 16. Be2 Qc7 17. b5 a5 18. h3 Ng6 19. Bf2 Nf4 20. Qc2 h5 21. Bd3 h4 22. Nge2 N6h5 23. Nxf4 Nxf4 24. Ne2 e5 25. Nxf4 exf4 26. Be1 Be5 27. Bc3 Rfd8 28. Bxe5 dxe5 29. Rfd1 Rd4 30. Be2 Rad8 31. Rd3 R8d6 32. Rbd1 Qd8 33. a4 Bc8 34. Rxd4 Rxd4 35. Rxd4 Qxd4+ 36. Kh2 Kf7 37. Qd3 Ke7 38. Qc2 Kd6 39. Qd3 Kc7 40. Qc2 Be6 41. Qd3 Qf2 42. Kh1 Qd4 43. Kh2 Qa1 44. Qc2 Qe1 45. Bd3 Qg3+ 46. Kh1 Qe1+ 47. Kh2 Qg3+ 48. Kg1 Qe1+ 1/2-1/2